[Event "Politiken zt"]
[Site "Munkebo"]
[Date "1998.09.18"]
[Round "3.4"]
[White "Nielsen, Peter Heine"]
[Black "Wedberg, Tom Birger"]
[Result "1-0"]
[WhiteElo "2515"]
[BlackElo "2475"]
[Annotator "Tyomkin,D"]
[PlyCount "51"]
[EventDate "1998.09.10"]
[EventType "k.o."]
[EventRounds "5"]
[EventCountry "DEN"]
[SourceTitle "CBM 067"]
[Source "ChessBase"]
[SourceDate "1998.11.30"]
[SourceVersion "2"]
[SourceVersionDate "1998.11.01"]
[SourceQuality "1"]

1. Nf3 f5 2. g3 g6 3. Bg2 Bg7 4. O-O Nf6 5. d4 O-O 6. c4 d6 7. Nc3 c6 8. b3 Qe8
9. Ba3 Na6 10. Qd3 Rb8 11. e4 b5 12. e5 Ng4 $6 (12... b4 $142 13. exf6 Bxf6 14.
Bb2 (14. Bc1 bxc3 15. Bh6 e5 $5 16. dxe5 dxe5 17. Bxf8 Qxf8 18. Ne1 e4 $44 {
Babula - Tabatadze, Brno/Morava 1991}) 14... bxc3 15. Bxc3 Qf7 (15... f4 16.
Rfe1 Bg4 17. h3 Bd7 18. Qd2 g5 19. d5 Bxc3 20. Qxc3 g4 $13 {Butnoris -
Tabatadze, Brno/Morava 1991}) 16. Rfe1 g5 17. Qd2 h6 18. d5 c5 19. Re2 $14 {
Lerner,K-Malaniuk,V/URS-ch56 1989/1/2-1/2 (94)}) 13. cxb5 cxb5 14. Nd5 $1 $146
(14. Bb2 dxe5 15. Nxe5 Nc5 16. dxc5 Nxe5 17. Qd2 $14 {Serrer,C-Buchal,S/BL2-W
1992/1/2-1/2(22)}) 14... b4 $6 (14... Bb7 15. Ng5 $1 (15. Nxe7+ $5 Qxe7 16.
Bxd6 Qd7 17. h3 Be4 18. Qe2 Nh6 19. Ng5 Bxg2 20. Kxg2 Nc7 21. Bxf8 Rxf8 {
[%cal Gh6f7]} 22. Rfd1 f4 $132 (22... Nf7 23. Nxf7 Qd5+ 24. Qf3)) 15... dxe5
16. dxe5 $1 (16. Nxe7+ Kh8 17. f3 e4 $1 $17) 16... b4 (16... Bxe5 17. Bxe7 (17.
Rae1 b4 18. h3 bxa3 19. hxg4 $36) 17... Bxa1 18. Bxf8 Qe5 19. Ba3 b4 20. Qc4 $1
bxa3 $140 21. Nf4+ $18) (16... Nxe5 17. Qe2 b4 18. Ne6 Ng4 19. Nxg7 Kxg7 20.
Bb2+ $16) 17. Bb2 Nxe5 18. Bxe5 Bxe5 19. Rae1 Bd6 20. Qc4 $16) 15. Bb2 e6 16.
Nf4 $16 {[%csl Ra6,Re6]} d5 $2 {[%csl Ra6,Rc8,Rg4,Rg7] This move is horrible
from two reasons:at first it loses on tactics,and on second hand it cuts of
all black light pieces!} (16... dxe5 $1 17. dxe5 (17. Nxe5 g5 $1 (17... Qb5 18.
Nxg4 Qxd3 19. Nxd3 $16) (17... Nxe5 18. dxe5 {[%cal Rf4e6]} Qb5 19. Qe3 $16)
18. Nxg4 fxg4 19. Ne2 Nc7 $132) 17... Qb5 $1 (17... Bb7 $6 18. h3 Bxf3 (18...
Nh6 19. Qc4 {[%csl Re6] winning e6-pawn}) 19. Bxf3 Bxe5 20. Qxa6 Bxb2 21. hxg4
$16) 18. Qxb5 Rxb5 19. Rfe1 $16 {[%csl Rg4][%cal Gh2h3]}) 17. Rac1 Rf7 18. Ng5
Rc7 $2 {loses immediatly} (18... Re7 19. Ngxe6 Rxe6 20. Bxd5 Rbb6 21. h3 Nh6
22. Qc4 $1 (22. Bxe6+ Bxe6 23. d5 Bd7 24. Qe3 $18) 22... Bd7 23. Bxe6+ Bxe6 24.
Nxe6 Rxe6 25. d5 Rb6 26. d6+ $18) {[%tqu "En","","","","g5e6","",10]} 19. Ngxe6
$1 $18 Bxe6 20. Qxa6 Rb6 21. Qxb6 $1 axb6 22. Rxc7 Bh6 23. Nxe6 Qxe6 24. h3
Nxf2 25. Kxf2 f4 26. g4 1-0

[Event "EU-Cup 25th"]
[Site "Ohrid"]
[Date "2009.10.06"]
[Round "3.3"]
[White "Timofeev, Artiom"]
[Black "Volokitin, Andrei"]
[Result "0-1"]
[WhiteElo "2668"]
[BlackElo "2681"]
[Annotator "Volokitin,A"]
[PlyCount "86"]
[EventDate "2009.10.04"]
[EventType "team-swiss"]
[EventRounds "7"]
[EventCountry "MKD"]
[SourceTitle "CBM 133"]
[Source "ChessBase"]
[SourceDate "2009.11.19"]
[SourceVersion "1"]
[SourceVersionDate "2009.11.19"]
[SourceQuality "1"]
[WhiteTeam "Tomsk 400"]
[BlackTeam "Skopje Alkaloid"]
[WhiteTeamCountry "RUS"]
[BlackTeamCountry "MKD"]

1. d4 {Normalerweise spielt Timofeev 1. e4. Unsere letzte Partie in Dagomys
2009 hat er mit 1. c4 begonnen. Warum spielte er jetzt 1.d4 - das ist ein
Rätsel.} f5 {Eine große Überraschung! Ich spielte 1...f5 zum ersten Mal.} 2. g3
{Mein Gegner überlegte hier fast 10 Minuten!} Nf6 3. Bg2 g6 {Die sogenannte
Leningrader Variante. Meiner Meinung nach ist das die beste Eröffnung nach 1.
d4, wenn Schwarz auf Erfolg spielt.} 4. Nf3 Bg7 5. O-O O-O 6. c4 d6 7. Nc3 {
Die Hauptvariante. Hier hat Schwarz verschiedene Züge.} c6 {Auch sehr
interessant ist 7...Qe8 mit der Idee e5.} 8. b3 ({Ich glaube nicht, dass
Schwarz nach} 8. d5 e5 9. dxe6 Bxe6 {irgendwelche Probleme hat. Zum Beispiel}
10. Qd3 Re8 $1 {mit der Idee nach} 11. Bf4 Ne4 $1) ({Zdenko Kozul hat gegen
mich sehr interessant gespielt:} 8. Qc2 $5 Na6 9. a3 Qe8 10. b4 e5 11. dxe5
dxe5 12. e4 f4 {und ich dachte, dass Schwarz ausgezeichnet steht, aber die
Stellung ist etwas besser für Weiß.} 13. Bb2 $14) 8... Qa5 $1 {Der typische
Zug, mit der Idee den Läufer auf b2 zu hindern. So spielte schon Dolmatov 1989!
} 9. Bd2 ({Nach} 9. Bb2 e5 $1 10. dxe5 dxe5 11. e4 f4 {kann der Springer nach
d7 gehen und den Punkt e5 verteidigen.}) 9... Qc7 10. d5 {Sonst e7-e5} Na6 11.
Rc1 Nc5 12. Be3 {Bis jetzt waren alle Züge sehr logisch. Über den nächsten Zug
habe ich ein bisschen überlegt.} a5 {Die Frage bestand darin, Ne4 zu spielen.
Nach} (12... Nce4 13. Nxe4 Nxe4 {hat mir} 14. Ng5 $5 {nicht gefallen} ({Nach} 
14. Bd4 e5 15. dxe6 Bxe6 {Die Stellung ist ausgeglichen.}) 14... Nxg5 15. Bxg5
{Ich beurteile diese Stellung als etwas besser für Weiß wegen seines
Raumvorteils.}) 13. Bd4 Bd7 {Schwarz hat alle nützlichen Züge gemacht und nun
habe ich hier 14.a3 erwartet, aber...} 14. Ne5 $3 {Sehr interessant gespielt!
Ich habe diesen Zug überhaupt nicht gesehen! Totale Überraschung!} ({Nach} 14.
a3 {hat Schwarz eine interessante Möglichkeit:} a4 $5 15. Bxc5 dxc5 16. Nxa4
Ne4 $1 {Schwarz hat eine gute Kompensation.} 17. Nd2 cxd5 18. cxd5 (18. Nxe4
dxe4 19. Nxc5 Qxc5 20. Qxd7 Rxa3 21. Qxb7 Ra7 22. Qd5+ Qxd5 23. cxd5 Rb8 $11)
18... Nxd2 19. Qxd2 Bxa4 20. bxa4 Rxa4 21. Qc2 Ra5 22. Qb3 Kh8 23. a4 Rb8 $11)
14... Be8 {Ich habe verstanden, wenn ich den Läufer retten will, muss ich den
Bauern opfern.} (14... dxe5 $2 15. Bxc5 Rfe8 16. Bxe7 $1 Rxe7 17. d6 $16) (
14... Rad8 15. Nxd7 Nfxd7 16. Bxg7 Kxg7 17. a3 $14) 15. dxc6 {Eine
Ungenauigkeit.} ({Ich habe nur mit} 15. Bxc5 {gerechnet:} dxc5 16. Nd3 Bf7 $1 (
16... Qd6 17. dxc6 bxc6 18. Na4 Nd7 19. Rc2 $1 $16) 17. dxc6 bxc6 18. Nxc5 Rfd8
19. Qc2 e5 20. e4 f4 {mit Kompensation.}) 15... bxc6 16. Bxc5 dxc5 17. Nd3 {
Der Unterschied ist, dass Schwarz ohne den Zug Bf7 spielen kann.} e5 $1 18. e4
({Nach} 18. Nxc5 Qe7 19. N3a4 e4 20. Qd2 Ng4 {hat Schwarz Kompensation.}) 18...
f4 19. Na4 g5 {Logisch. Ich muss meine Bauern bewegen.} 20. Naxc5 Bh5 21. f3 $8
Qd6 {Die Kritische Stellung. Timofeev spielte} 22. g4 $2 ({Rybka empfiehlt} 22.
gxf4 gxf4 23. Kh1 Rfd8 24. Qc2 Qe7 25. Bh3 Rd6 26. Qc3 {und ich bin mit Rybka
einverstanden, der Läufer steht auf h3 wunderbar. Schwarz hat Kompensation 
(Läuferpaar), aber Weiß steht doch besser.}) 22... Bf7 {Jetzt hat der Läufer
auf g2 keine freundliche Zukunft.} 23. Qe2 h5 $2 {Sehr menschlich gespielt!
Ich verstehe meinen Wunsch, die Verteidigung zudurchbrechen, aber objektiv
wäre besser} (23... Rfd8 24. Rfd1 Qe7 25. Na4 Rd4 26. Ndc5 Rad8 $44) 24. h3 $2
(24. gxh5 $1 {Hier war noch ein Chance für den Läufer g2.} Nxh5 25. Rfd1 Qe7
26. Bh3 $1 $16) 24... hxg4 25. fxg4 {Artiom spielte diesen Abschnitt sehr
zerrissen.} Rfd8 26. Rfd1 Qe7 $1 {Ich hatte ein schönes Feld für den Turm
erspäht - d4!} 27. Na4 Rd4 $1 28. Ne1 Bg6 $1 {Auch der Bauer auf e4 ist
schwach.} 29. Rxd4 exd4 30. e5 Rd8 $1 {Hier hatten wir beide eine Zeitnotphase.
Mein letzter Zug ist sehr unangenehm. Plötzlich steht Weiß sehr gefährlich.}
31. Nb2 {Ein klarer Wunsch den Springer auf d3 zu stellen.} ({Eine andere
Möglichkeit war} 31. Rd1 $1 Nd7 32. Rxd4 $1 Nxe5 33. Rxd8+ Qxd8 34. Nf3 Nxf3+
35. Bxf3 {Die schwarzen Läufern sind unglaublich stark, aber es reicht nur zum
Remis:} Qd4+ 36. Kg2 $8 Qa1 37. Be4 $8 (37. Bxc6 Bd4 $19) 37... Bd4 (37...
Bxe4+ 38. Qxe4 Qxa2+ 39. Kf1 Qxb3 40. Qe8+ Kh7 41. Qh5+ $11) 38. Bxg6 Qg1+ 39.
Kf3 Qh1+ 40. Qg2 Qe1 41. Qe2 Qh1+ $11) 31... Nd7 $1 32. Bxc6 Nxe5 33. Bd5+ Kf8
$1 {Vielleicht hatte Artiom diesen Zug nicht gesehen. Jetzt ist es unmöglich
Nd3 zu spielen.} 34. Rd1 Re8 $1 {Der Turm geht nach e3!} 35. Qf2 Qb4 $6 {
Sehr hastig gespielt.} ({Besser war} 35... Bf6 $1 $15 {Das ist sehr schwer mit
Weiß zu spielen, zum Beispiel} 36. Na4 (36. Nbd3 Nxd3 37. Nxd3 Qe3 $1 $17) (36.
Kg2 Qh7 $1 $17) 36... Kg7 $15) 36. Nbd3 ({Besser war} 36. Kg2 {und Schwarz hat
keine Idee, denn} Qc3 $2 37. Na4 $1 Qe3 38. Qxe3 dxe3 39. Nc5 {und die Bauern
sind zuverlässig blockiert.}) 36... Nxd3 37. Nxd3 Qd6 38. Ne1 Re3 39. Nf3 Qe7
$1 {Ich war sehr zufrieden mit dieser Stellung, aber nur der letzte
Kontrollzug ist der entscheidende Fehler:} 40. Rd2 $4 (40. Qd2 $1 {Einziger
Zug. Das sieht phantastisch aus, aber ich habe keinen Weg zum Erfolg gefunden.
Zun Beispiel} Rd3 ({Während der Partie wollte ich natürlich so spielen:} 40...
Re2 41. Qxa5 $1 Qe3+ 42. Kh1 Bf6 43. h4 Qf2 44. Rg1 $16 {Aber hier ist kein
Matt!}) 41. Qe1 ({Sogar möglich ist} 41. Re1 Rxd2 42. Rxe7 Rd1+ 43. Re1 Rxe1+
44. Nxe1 Bb1 45. a3 d3 46. Nf3 Bc2 47. Be4 Bxb3 48. Bxd3 Bf6 $15 {Schwarz
steht etwas besser, aber wahrscheinlich reicht es nur zum Remis.}) 41... Qe3+
42. Kg2 Rxd1 43. Qxd1 d3 44. Qd2 Bf6 45. Qxa5 Qe2+ {und nur Dauerschach für
Schwarz.}) 40... d3 $19 ({Hier gewinnt leichter} 40... Be4 $1 41. Bxe4 Qxe4 42.
Kg2 d3 $19) 41. Nh4 (41. h4 Bc3 $19) 41... Re1+ {Dieser Zug ist nicht
technisch. Ich war 100% sicher, dass ich gewinne.} (41... Be4 $1 42. Nf5 Bxf5
43. gxf5 Bd4 44. Kf1 Qe5 $19) 42. Kg2 gxh4 43. Qxf4+ Qf6 {Das ist komisch,
aber Weiß gab zu früh auf.} ({Nach} 43... Qf6 44. Qb8+ Re8 45. Qc7 Re2+ 46.
Rxe2 dxe2 47. Qc8+ Be8 48. Qc5+ Qe7 49. Qxe7+ Kxe7 50. Kf2 Bg6 51. Kxe2 Bd4 {
hat Schwarz auf jeden Fall eine gewonnene Stellung, aber Weiß kann noch
spielen.}) 0-1

[Event "Olympiad-32"]
[Site "Yerevan"]
[Date "1996.09.25"]
[Round "9.3"]
[White "Sturua, Zurab"]
[Black "Garcia Ilundain, David"]
[Result "0-1"]
[WhiteElo "2560"]
[BlackElo "2520"]
[Annotator "Vorotnikov,V"]
[PlyCount "60"]
[EventDate "1996.09.15"]
[EventType "team-swiss"]
[EventRounds "14"]
[EventCountry "ARM"]
[SourceTitle "CBM 055"]
[Source "ChessBase"]
[SourceDate "1996.12.01"]
[SourceVersion "1"]
[SourceVersionDate "1996.12.01"]
[SourceQuality "1"]
[WhiteTeam "Georgia"]
[BlackTeam "Spain"]
[WhiteTeamCountry "GEO"]
[BlackTeamCountry "ESP"]

1. Nf3 f5 2. g3 Nf6 3. Bg2 d6 4. d4 g6 5. c4 Bg7 6. Nc3 O-O 7. O-O c6 8. b3 (8.
d5 Bd7 9. Rb1 Na6 10. b3 Nc5 11. Bb2 a5 12. Nd4 Qb6 13. e3 Qa6 14. a3 cxd5 15.
cxd5 Rfc8 16. Bc1 $14 {Marin,M-Grunberg,S/ROM/1996/}) 8... Na6 9. Bb2 Bd7 (9...
Qe8 10. d5 Bd7 11. Rb1 Rc8 12. e4 Nxe4 13. Nxe4 fxe4 14. Ng5 Bxb2 15. Rxb2 Rf5
16. Nxe4 cxd5 17. cxd5 Nc5 18. Re1 Nxe4 19. Rxe4 Rc5 20. Rc4 Rxc4 21. bxc4 h6
22. Re2 Rf7 23. Qd4 Qf8 24. f4 Qg7 $10 {Gelfand,B-Ivanchuk,V/Wijk aan Zee/1996/
}) 10. e3 Re8 11. d5 e5 12. dxe6 Bxe6 13. Qc2 Qe7 14. Rad1 Rad8 $10 15. Rd2 $6
{>=15.a3} d5 16. cxd5 Nb4 $1 17. Qb1 Nbxd5 18. Nxd5 Bxd5 19. Rfd1 Be4 20. Qc1
Rxd2 21. Rxd2 Nd5 22. Bxg7 Qxg7 23. Rd4 Qe7 24. Qd2 Rd8 25. Nh4 $4 (25. b4 $5
b6 26. Qb2 c5 27. bxc5 bxc5 28. Rd1 $15) 25... c5 $1 26. Bxe4 (26. Rc4 Nb6 $19)
26... cxd4 27. Bxd5+ Rxd5 28. Nf3 d3 29. Nd4 Rxd4 $1 30. exd4 Qe2 (30... Qe2
31. Qc3 d2 32. Qc8+ Kg7 33. Qc7+ Kh6 34. Qf4+ g5 35. Qd6+ Kh5 $19) 0-1

[Event "RUS-Cup Final"]
[Site "Sochi"]
[Date "1997.09.28"]
[Round "11"]
[White "Yakovich, Yuri"]
[Black "Vaulin, Alexander"]
[Result "1/2-1/2"]
[WhiteElo "2610"]
[BlackElo "2530"]
[Annotator "Yakovich,Y"]
[PlyCount "62"]
[EventDate "1997.09.17"]
[EventType "tourn"]
[EventRounds "11"]
[EventCountry "RUS"]
[EventCategory "13"]
[SourceTitle "CBM 062"]
[Source "ChessBase"]
[SourceDate "1998.01.31"]
[SourceVersion "1"]
[SourceVersionDate "1998.01.31"]
[SourceQuality "1"]

1. d4 f5 2. g3 Nf6 3. Bg2 g6 4. Nf3 Bg7 5. O-O O-O 6. c4 d6 7. Nc3 c6 8. d5 e5
9. e4 Na6 (9... cxd5 10. cxd5 Na6 11. exf5 Bxf5 12. Ng5 Qe7 13. h3 h6 14. Nge4
Nxe4 15. Nxe4 Kh7 16. Be3 b6 17. Qd2 Nc5 18. Bxc5 bxc5 19. b4 cxb4 20. Qxb4
Rab8 21. Qa3 Rb6 22. Rac1 Rc8 23. Rxc8 Bxc8 24. Rc1 {Magerramov,E-Vaisser,A/
Nimes op 1991/EXT 91op/1-0 (36)}) (9... c5 10. Ng5 fxe4 11. Ncxe4 Qe7 12. Nxf6+
Bxf6 13. Ne4 Bg7 14. Bg5 Qc7 15. Qd2 Bf5 16. Rae1 Nd7 17. h3 a6 18. Nc3 Nf6 19.
f4 exf4 20. g4 Bd7 21. Bxf4 Rae8 22. Rxe8 Bxe8 23. Qe1 Bd7 24. Qg3 Ne8 25. b3
Qa5 26. Ne4 Qxa2 27. Nxd6 Nxd6 28. Bxd6 Bd4+ 29. Kh1 Rxf1+ 30. Bxf1 b5 31. Qf3
Qf2 32. Qxf2 Bxf2 33. Kg2 {1/2-1/2 Koniushkov,I-Malaniuk,V/RUS-Cup8 1997/EXP 58
}) 10. exf5 gxf5 11. Nh4 $1 $146 (11. Ng5 Qc7 12. c5 (12. dxc6 bxc6 13. Nb5
cxb5 14. Bxa8 bxc4 $44) 12... Nxc5 13. b4 Nce4 14. Ngxe4 Nxe4 15. Nxe4 fxe4 16.
Bxe4 Bf5 17. Bxf5 Rxf5 18. Be3 a5 {1/2-1/2 Obukhov,A-Miles,A/London Lloyds
1993/EXT 97}) 11... c5 $8 (11... cxd5 12. Nxd5 $16) 12. Bg5 $1 {some day black
will have to play h6 and point g6 will weak} Nc7 13. Qc2 h6 $8 (13... Qd7 14.
Bh3 $5 Nh5 15. f4 h6 16. fxe5 $1 hxg5 17. Bxf5 (17. Nxf5 Qd8 $8) 17... Rxf5 (
17... Qd8 $4 18. Bh7+ Kh8 19. Ng6+ Kxh7 20. Nxf8+ Kg8 21. Qh7#) 18. Nxf5 dxe5 (
18... Bxe5 $2 19. Nh6+ Kg7 20. Rf7+) 19. Ne4 $16) (13... f4 14. Be4 $1 (14.
gxf4 h6 15. Ng6 (15. fxe5 hxg5 $44) 15... hxg5 (15... Re8 16. Bh4 $16) 16. Nxf8
Qxf8 17. fxg5 Nh5 $13) 14... Qd7 15. Bf5 Qf7 16. gxf4 exf4 (16... h6 17. fxe5
hxg5 18. exf6 gxh4 19. Bxc8 $16) 17. Bxc8 $1 (17. Bxf4 Bxf5 18. Qxf5 (18. Nxf5
Nfxd5 19. Nh6+ Bxh6 20. Bxh6 Qh5) 18... Nfxd5 19. Nxd5 Nxd5 20. Qxf7+ Rxf7 21.
Bxd6 Nb6 $11) 17... Raxc8 18. Bxf4 Nfxd5 19. Bxd6 Nxc3 20. Bxf8 $16) 14. Bd2
Nfe8 15. Kh1 Qf6 16. f4 e4 17. Rae1 {[%cal Yc3d1,Yd1e3,Yd2c3]} b5 $1 18. b3
bxc4 19. bxc4 h5 20. Nd1 Qf7 21. Nf2 $2 $138 (21. Bc3 $6 Bd4 22. Ne3 Qf6) (21.
Ne3 {/\} Z0 22. Bh3 Z0 23. Rb1 $16 {[%csl Rf5][%cal Rb1b8,Rc2a4,Ra4a5]}) 21...
Bd4 22. Nh3 Ng7 23. Ng5 Qf6 24. Rb1 Re8 25. Rb3 Na6 26. a3 (26. Rfb1 Nb4 $1)
26... Rb8 27. Bh3 Rxb3 28. Qxb3 Nc7 29. Re1 $2 (29. Qb8 $1 $16 Na6 30. Qxa7 e3
31. Ba5 e2 32. Re1 Bf2 33. Bc3 $1) 29... Na8 30. Ng2 Nb6 31. Ne3 $138 Ba6 $14
1/2-1/2